[Event "Ambalangoda Dhamso op 11th"]
[Site "Ambalangoda"]
[Date "2024.05.20"]
[Round "7"]
[White "Alwis, H Sandithi Kusalya"]
[Black "Amarasinghe, AACB"]
[Result "1-0"]
[WhiteElo "1661"]
[BlackElo "1847"]
[PlyCount "53"]
[EventDate "2024.05.17"]
[EventType "swiss"]
[EventRounds "10"]
[EventCountry "SRI"]
[SourceTitle "CBM 220 Extra"]
[Source "ChessBase"]
[SourceDate "2024.07.31"]
[SourceVersion "1"]
[SourceVersionDate "2024.07.31"]
[SourceQuality "1"]

1. e4 c5 2. Nf3 d6 3. d4 cxd4 4. Nxd4 Nf6 5. Nc3 a6 6. Bg5 e6 7. f4 Qb6 8. Qd2 Qxb2 9. Rb1 Qa3 10. f5 Nc6 11. fxe6 fxe6 12. Nxc6 bxc6 13. Be2 Be7 14. 0-0 0-0 15. Rb3 Qa5 16. Nd5 Qc5+ 17. Be3 cxd5 18. Bxc5 dxc5 19. exd5 Rd8 20. c4 exd5 21. cxd5 c4 22. Bxc4 Bc5+ 23. Kh1 Rd6 24. Qa5 Ne4 25. Qc7 Bf2 26. Rf3 Bf5 27. R3xf2 1-0

[Event "SRI-ch"]
[Site "Colombo"]
[Date "2024.03.23"]
[Round "3"]
[White "Amarasinghe, AACB"]
[Black "Peiris, TSS"]
[Result "1/2-1/2"]
[WhiteElo "1771"]
[BlackElo "1886"]
[PlyCount "174"]
[EventDate "2024.03.22"]
[EventType "tourn"]
[EventRounds "13"]
[EventCountry "SRI"]
[SourceTitle "CBM 219 Extra"]
[Source "ChessBase"]
[SourceDate "2024.05.31"]
[SourceVersion "1"]
[SourceVersionDate "2024.05.31"]
[SourceQuality "1"]

1. e4 e6 2. d4 d5 3. Nc3 a6 4. Bd3 Nc6 5. Nf3 Nf6 6. e5 Nd7 7. a3 h6 8. Ne2 Ne7 9. g4 c5 10. c3 Nc6 11. b4 cxd4 12. cxd4 Nb6 13. g5 g6 14. gxh6 Bxh6 15. Bxh6 Rxh6 16. Qc1 Rh3 17. Qf4 Qe7 18. Qg4 Rh6 19. h4 Bd7 20. Qf4 Qf8 21. Ng5 Ne7 22. Nxf7 Qxf7 23. Qxh6 0-0-0 24. Qf4 Qg8 25. Rg1 Qh7 26. Rc1+ Kb8 27. Qg5 Re8 28. h5 Qxh5 29. Qxh5 gxh5 30. Rg7 Na4 31. Bg6 Nxg6 32. Rxd7 Nb6 33. Rg7 Ne7 34. Rh7 Nc4 35. Rc3 Nf5 36. Rxh5 Rg8 37. Rxf5 exf5 38. Nf4 Rg4 39. Ne2 Rh4 40. Rg3 Rh1+ 41. Ng1 Nxa3 42. Rxa3 Rxg1+ 43. Ke2 Rg4 44. Kd3 Rf4 45. Ra5 Rxf2 46. Rxd5 Rf1 47. Rd7 Kc8 48. e6 Re1 49. d5 b6 50. Re7 Kd8 51. Rd7+ Ke8 52. Rf7 Re5 53. Kd4 Re4+ 54. Kc3 Re3+ 55. Kd2 Re5 56. Rd7 Re4 57. Kc3 Re3+ 58. Kc4 Re4+ 59. Kd3 Re5 60. b5 a5 61. Kc3 Re3+ 62. Kc2 Re5 63. Rd6 Ke7 64. Rd7+ Ke8 65. Kd2 a4 66. Kc3 a3 67. Kb3 f4 68. Kxa3 f3 69. Kb4 f2 70. Rf7 Rxd5 71. Rxf2 Ke7 72. Rf7+ Kxe6 73. Rb7 Rd6 74. Kc4 Kf6 75. Rh7 Ke6 76. Rc7 Kf6 77. Rc6 Ke6 78. Rc7 Kf6 79. Rc8 Ke7 80. Rh8 Ke6 81. Re8+ Kf6 82. Re2 Kf7 83. Re1 Kf6 84. Re2 Kf7 85. Re5 Kf6 86. Rd5 Ke6 87. Rh5 Kf6 1/2-1/2

[Event "Colombo Golden Jubilee op"]
[Site "Colombo"]
[Date "2022.11.27"]
[Round "9"]
[White "Amarasinghe, AACB"]
[Black "Nikitenko, Mihail"]
[Result "0-1"]
[WhiteElo "1850"]
[BlackElo "2484"]
[PlyCount "70"]
[EventDate "2022.11.23"]
[EventType "swiss"]
[EventRounds "9"]
[EventCountry "SRI"]
[SourceTitle "CBM 211 Extra"]
[Source "ChessBase"]
[SourceDate "2023.01.31"]
[SourceVersion "1"]
[SourceVersionDate "2023.01.31"]
[SourceQuality "1"]

1. d4 d5 2. c4 c6 3. Nf3 Nf6 4. Nc3 e6 5. Bg5 h6 6. Bh4 dxc4 7. e4 g5 8. Bg3 b5 9. Be5 Nbd7 10. g4 Bb7 11. Bxf6 Nxf6 12. Bg2 Qb6 13. e5 Nd5 14. Nxd5 cxd5 15. h4 gxh4 16. Rxh4 0-0-0 17. g5 Rg8 18. Rh5 hxg5 19. Nh2 Kb8 20. Ng4 Bb4+ 21. Kf1 c3 22. Rh3 Rc8 23. Nf6 Rgd8 24. Rh8 cxb2 25. Rb1 Bc3 26. Rxd8 Rxd8 27. Qb3 Bxd4 28. Rxb2 Bxb2 29. Qxb2 Qc6 30. Kg1 Rc8 31. Kh2 Qc1 32. Qxb5 Rh8+ 33. Bh3 d4 34. f3 Rxh3+ 35. Kxh3 Qh1+ 0-1